000 00958nam0a22002411 4500
001 rc\4690646
005 20260407175829.0
021 _aRU
_bРг3845-59
035 _a(NLR Aleph) 008428630
090 _a9402934
_c9402934
100 _a20130416d1959 |||y0rusy50 ca
101 0 _arus
102 _aRU
105 _aa z |||||
200 1 _aПрименение поддонов при переработке тарно-упаковочных грузов
_e(Передовой опыт работы станций Харьков-Левада и Полтава-Южная)
_fСССР. МПС. Южн. ж. д. Упр. Южной ж. д. и Дор. науч.-техн. о-во
210 _aХарьков
_cБ. и.
_d1959
215 _a12 с.
_cил.
_d20
712 0 2 _aЮжная железная дорога
_3RU\NLR\AUTH\8810113912
_9727257
801 0 _aRU
_bNLR
_gpsbo
801 1 _aRU
_bELAR
_2rusmarc
852 _aNLR
_j59-4/9064
942 _cBOOK
980 _aNB